| 000 | 00581nam a2200157Ia 4500 | ||
|---|---|---|---|
| 005 | 20250616020153.0 | ||
| 008 | 240331s9999 xx 000 0 und d | ||
| 020 | _a9551274020 | ||
| 082 |
_bPER _a305 |
||
| 100 | _aPerera,J | ||
| 245 | 0 | _aKadathurawa hera | |
| 260 |
_aColombo _bNational Peace Council _c2005 |
||
| 300 | _a194 p ., | ||
| 500 | _aThis Book contains a number of article written by journalist who visited the government- controlled Jaffna and the LTTE- controlled Kilinochchi areas during a tour organized by the National Peace Council in September 2004. | ||
| 942 | _cL | ||
| 999 |
_c5138 _d5138 |
||